Formas de Estados de México #1 - Estadísticas

Estadísticas generales
  • Esta prueba ha sido intentada 123 veces
  • La puntuación promedio es 7 de 9
Estadísticas de respuestas
Imagen Respuesta % Correcto
Baja California Sur
97%
Zacatecas
85%
Jalisco
84%
Nuevo León
82%
Oaxaca
77%
Puebla
74%
Campeche
73%
Estado de México
73%
Nayarit
67%
No se encontraron pruebas coincidentes
Distribución de puntuación
Porcentaje de gente con cada puntuación
Porcentaje por número respondido
Historial de tus puntuaciones
No has intentado esta prueba.